01510cam a22004214i 4500003000900000005001700009008004100026020001500067035002700082040003300109082001900142100003100161245009100192264007700283300003800360336002100398337002500419338002300444490006400467504003200531505032800563526001000891526001000901526000900911526000900920526000900929526000900938526000900947526000900956526000900965526000800974526000800982526000800990526000800998526000801006630004501014650002901059PE-LiUPU20250731165456.0150623s r 000 0 d a1850756856 a(Sirsi) i9781850756859 aPE-LiUPUbspacPE-LiUPUerda04a225.077bJ2211 aGordon, J. Dorcas,eautor.10aSister or wife? :b1 Corinthians 7 and cultural antropology.n149 /cJ. Dorcas Gordon. 1aMidsomer Norton, Bath, Great Britain :bSheffield Academic Press,c1997. a248 páginas ;c24 centímetros atext2rdacontent aunmediated2rdamedia avolume2rdacarrier0 aJournal for the study of the N.T. Supplement Series ;v149 aBibliografía: p. 219-238.0 aSocial science methodology and the New testament. -The social context of 1 Corinthians 7: marriage a description. -A social drama unfolds: the social dynamics of a conflict. -Repressive action: Paul's attempt to restore peace. -The resolution of the social drama: the journey of a metaphor. -Summary and concluding remarks. aSEG44 aSEG26 aP151 aP150 aP149 aP146 aP145 aP126 aP125 aP92 aP75 aP74 aP27 aP15 aBiblia.pN.T.pCorintios IxComentarios.04aMatrimonio en la biblia.